[Event "Gibraltar Amateur op-B"]
[Site "Caleta"]
[Date "2018.01.29"]
[Round "3"]
[White "Raffo, Luis"]
[Black "Jain, Anushree"]
[Result "1-0"]
[WhiteElo "1395"]
[BlackElo "1019"]
[PlyCount "141"]
[EventDate "2018.01.27"]
[EventType "swiss"]
[EventRounds "5"]
[EventCountry "GGB"]
[SourceTitle "EXT 2019"]
[Source "ChessBase"]
[SourceDate "2018.10.10"]
[SourceVersion "1"]
[SourceVersionDate "2018.10.10"]
[SourceQuality "1"]

1. d4 d5 2. e3 Bf5 3. Nd2 Nc6 4. a3 Nf6 5. Bb5 e6 6. Nb3 Bd6 7. Na5 Qd7 8. c3 a6 9. Bxc6 bxc6 10. Qa4 Rb8 11. Qxc6 Qxc6 12. Nxc6 Rb6 13. Na5 0-0 14. b4 e5 15. Ne2 Bd3 16. Kf1 Bxe2+ 17. Kxe2 exd4 18. cxd4 Ne4 19. Bd2 Re8 20. f3 Ng5 21. h4 Ne6 22. Kf2 Nd8 23. g4 Nc6 24. Nb3 Re6 25. Nc5 Re7 26. f4 h6 27. Rab1 Bxc5 28. dxc5 Rb8 29. a4 d4 30. b5 dxe3+ 31. Bxe3 axb5 32. axb5 Na5 33. b6 cxb6 34. Rxb6 Rxb6 35. cxb6 f6 36. Ra1 Nc4 37. Bc5 Rb7 38. Ra7 Nd6 39. Bxd6 Rxb6 40. Ba3 Rc6 41. f5 Rc3 42. g5 hxg5 43. hxg5 Rc6 44. g6 Rc2+ 45. Ke1 Rc8 46. Kd2 Rd8+ 47. Kc3 Rc8+ 48. Kd4 Rd8+ 49. Kc5 Rc8+ 50. Kb6 Rb8+ 51. Kc7 Re8 52. Kd7 Rb8 53. Rc7 Ra8 54. Ke7 Rf8 55. Rd7 Ra8 56. Rd8+ Rxd8 57. Kxd8 Kh8 58. Ke8 Kg8 59. Bf8 Kh8 60. Ke7 Kg8 61. Bxg7 Kxg7 62. Ke6 Kh6 63. Kxf6 Kh5 64. g7 Kh6 65. g8Q Kh5 66. Ke7 Kh4 67. f6 Kh5 68. f7 Kh4 69. f8Q Kh5 70. Qfg7 Kh4 71. Q8h7# 1-0

[Event "Gibraltar U12 op"]
[Site "Caleta"]
[Date "2017.08.18"]
[Round "1"]
[White "Guia, Artur Solovyov Eloy"]
[Black "Jain, Anushree"]
[Result "1-0"]
[WhiteElo "1687"]
[BlackElo "1022"]
[PlyCount "61"]
[EventDate "2017.08.18"]
[EventType "swiss"]
[EventRounds "6"]
[EventCountry "GGB"]
[SourceTitle "CBM 180 Extra"]
[Source "ChessBase"]
[SourceDate "2017.10.06"]
[SourceVersion "1"]
[SourceVersionDate "2017.10.06"]
[SourceQuality "1"]

1. e4 e5 2. Nf3 Nc6 3. d4 Nf6 4. d5 Ne7 5. Nc3 d6 6. Bg5 Ng6 7. Bb5+ Bd7 8. Bxd7+ Qxd7 9. Qd2 Be7 10. h3 c6 11. Bxf6 Bxf6 12. 0-0 cxd5 13. Nxd5 Bd8 14. Rfe1 0-0 15. Rad1 Nf4 16. Nxf4 exf4 17. Qxf4 Be7 18. e5 d5 19. Qd4 Rac8 20. c4 Rc5 21. cxd5 Rxd5 22. Qxd5 Qc7 23. Qd7 Qc5 24. Rc1 Qb4 25. a3 Qxb2 26. Qxe7 h6 27. Rb1 Qd2 28. Nxd2 a5 29. Rxb7 a4 30. e6 fxe6 31. Qxg7# 1-0